|
|
|
|
| LEADER |
00000nam0a2200000 4500 |
| 001 |
32702 |
| 005 |
20231101210117.0 |
| 035 |
|
|
|a (RuTPU)RU\TPU\book\33004
|
| 035 |
|
|
|a BOOK00000001
|
| 090 |
|
|
|a 32702
|
| 100 |
|
|
|a 20011210d1968 km y0engy50 ba
|
| 101 |
0 |
|
|a eng
|a rus
|
| 102 |
|
|
|a RU
|
| 105 |
|
|
|a y e 000zy
|
| 200 |
1 |
|
|a Англо-русский словарь по современной радиоэлектронике
|e Около 20 000 терминов
|f сост.: И. К. Калугин; Под ред. Ф. А. Водопьянова
|
| 210 |
|
|
|a Москва
|c Советская энциклопедия
|d 1968
|
| 215 |
|
|
|a 448 с.
|
| 606 |
|
|
|a Английский язык
|x Терминологические словари
|2 stltpush
|3 (RuTPU)RU\TPU\subj\29063
|9 52475
|
| 606 |
|
|
|a Радиоэлектроника
|2 stltpush
|3 (RuTPU)RU\TPU\subj\69507
|9 84342
|
| 610 |
1 |
|
|a словари
|
| 610 |
1 |
|
|a терминологические словари
|
| 675 |
|
|
|a 621.37/.39(038)
|v 3
|
| 686 |
|
|
|a Ш143.21-43
|2 rubbk
|
| 702 |
|
1 |
|a Калугин
|b И. К.
|g Игорь Константинович
|
| 702 |
|
1 |
|a Водопьянов
|b Ф. А.
|g Федор Алексеевич
|
| 801 |
|
0 |
|a RU
|b 63413507
|c 20011210
|g PSBO
|
| 801 |
|
2 |
|a RU
|b 63413507
|c 20210110
|g PSBO
|
| 942 |
|
|
|c BK
|